Normal view
MARC view
Entry Personal Name
001 - CONTROL NUMBER
- control field: 40668
003 - CONTROL NUMBER IDENTIFIER
- control field: ARRUPE
005 - DATE AND TIME OF LATEST TRANSACTION
- control field: 20180315122655.0
008 - FIXED-LENGTH DATA ELEMENTS
- fixed length control field: 180315|| aca||aabn | a|a d
040 ## - CATALOGING SOURCE
- Original cataloging agency: ARRUPE
- Transcribing agency: ARRUPE
100 ## - HEADING--PERSONAL NAME
- Personal name: Giannaras, Christos
670 ## - SOURCE DATA FOUND
- Source citation: Work cat.: (ARRUPE): Yannaras, Christos 38874, La liberte de la morale, 1982